Brass baja : (Record no. 141086)

MARC details
000 -LEADER
fixed length control field 00659nam a22002057a 4500
005 - DATE AND TIME OF LATEST TRANSACTION
control field 20170630144753.0
010 ## - LCCN (DPL NO)
LC control number ENG-118623
020 ## - INTERNATIONAL STANDARD BOOK NUMBER
International Standard Book Number 9780199474905
Terms of availability 395.00
020 ## - INTERNATIONAL STANDARD BOOK NUMBER
International Standard Book Number 0199474907
Terms of availability 395.00
035 ## - SYSTEM CONTROL NUMBER
System control number EN-102155
037 ## - SOURCE OF ACQUISITION
Source of stock number/acquisition DBAD/PUB
082 ## - DEWEY DECIMAL CLASSIFICATION NUMBER
Classification number 784.40954
100 ## - MAIN ENTRY--PERSONAL NAME
Personal name Booth, Gregory D.
245 ## - TITLE STATEMENT
Title Brass baja :
Statement of responsibility, etc by Gregory D. Booth
Remainder of title Stories from the world of indian wedding bands /
260 ## - PUBLICATION, DISTRIBUTION, ETC. (IMPRINT)
Place of publication, distribution, etc New Delhi
Name of publisher, distributor, etc Oxford University Press
Date of publication, distribution, etc 2016
270 ## - ADDRESS
Address YMCA Library Building, 1 Jai Singh Road, New Delhi-110001
300 ## - PHYSICAL DESCRIPTION
Extent viii,335p
Dimensions 22cm.(pbk)
500 ## - GENERAL NOTE
General note Included Index
942 ## - ADDED ENTRY ELEMENTS (KOHA)
Source of classification or shelving scheme Dewey Decimal Classification
Item type English Books
Classification part 784.40954
Call number suffix BOO
Holdings
Withdrawn status Lost status Not for loan Collection code Home library Current library Date acquired Source of acquisition Cost, normal purchase price Full call number Barcode Copy number Cost, replacement price Koha item type
      Non-fiction Patel Nagar Patel Nagar 14/06/2017 DBAD/PUB 395.00 784.40954 BOO EN-102155 1 395.00 English Books

© Delhi Public Library
Hit Counter
free hit counter